Community participation : (Record no. 56416)
[ view plain ]
| 000 -LEADER | |
|---|---|
| fixed length control field | 01023nam a2200277 a 4500 |
| 001 - CONTROL NUMBER | |
| control field | 56416 |
| 003 - CONTROL NUMBER IDENTIFIER | |
| rucl marc code | BD-RjUL |
| 005 - DATE AND TIME OF LATEST TRANSACTION | |
| control field | 20211209080407.0 |
| 008 - FIXED-LENGTH DATA ELEMENTS--GENERAL INFORMATION | |
| fixed length control field | 161129s1990 bg bs f000 0 eng |
| 020 ## - INTERNATIONAL STANDARD BOOK NUMBER | |
| Terms of availability | Tk50.00 ($5.00 U.S.) |
| 035 ## - SYSTEM CONTROL NUMBER | |
| System control number | (BD-RjUL)56540 |
| 040 ## - CATALOGING SOURCE | |
| Original cataloging agency | DLC |
| Transcribing agency | DLC |
| Modifying agency | BD-RjUL |
| Language of cataloging | eng |
| 041 ## - LANGUAGE CODE | |
| Language code of text/sound track or separate title | eng |
| 082 00 - DEWEY DECIMAL CLASSIFICATION NUMBER | |
| Classification number | 363.96095492 |
| Edition number | 23 |
| Author mark and year | HYC 1990 |
| 090 ## - LOCALLY ASSIGNED LC-TYPE CALL NUMBER (OCLC); LOCAL CALL NUMBER (OCLC) | |
| Classification number (OCLC) (R) ; Classification number, CALL (RLIN) (NR) | HQ766.5.B3 |
| Local cutter number (OCLC) ; Book number/undivided call number, CALL (RLIN) | H94 1989 |
| 100 1# - MAIN ENTRY--PERSONAL NAME | |
| Personal name | Hye, Hasnat Abdul. |
| 9 (RLIN) | 167808 |
| 245 10 - TITLE STATEMENT | |
| Title | Community participation : |
| Remainder of title | case studies of population health programmes in Bangladesh / |
| Statement of responsibility, etc. | Hasnat Abdul Hye, Md. Abdul Quddus. |
| 260 ## - PUBLICATION, DISTRIBUTION, ETC. (IMPRINT) | |
| Place of publication, distribution, etc. | Comilla, Bangladesh : |
| Name of publisher, distributor, etc. | Bangladesh Academy for Rural Development, |
| Date of publication, distribution, etc. | 1989 [ second print 1990] |
| 300 ## - PHYSICAL DESCRIPTION | |
| Pagination | iii, 84 p. ; |
| Size | 24 cm. |
| 504 ## - BIBLIOGRAPHY, ETC. NOTE | |
| Bibliography, etc | Includes bibliographical references (ii p. at end) |
| 650 #0 - SUBJECT ADDED ENTRY--TOPICAL TERM | |
| Topical term or geographic name as entry element | Birth control |
| Geographic subdivision | Bangladesh |
| Form subdivision | Case studies. |
| 9 (RLIN) | 167809 |
| Topical term or geographic name as entry element | Rural development |
| Geographic subdivision | Bangladesh |
| Form subdivision | Case studies. |
| 9 (RLIN) | 167676 |
| 700 1# - ADDED ENTRY--PERSONAL NAME | |
| Personal name | Quddus, Md. Abdul, |
| Dates associated with a name | 1947- |
| 942 ## - ADDED ENTRY ELEMENTS (KOHA) | |
| Source of classification or shelving scheme | Dewey Decimal Classification |
| Koha item type | Books |
| Lost status | Source of classification or shelving scheme | Damaged status | Not for loan | Collection code | Permanent Location | Current Location | Shelving location | Date acquired | Source of acquisition | Cost, normal purchase price | Total Checkouts | Full call number | Date last seen | Copy number | Koha item type |
|---|---|---|---|---|---|---|---|---|---|---|---|---|---|---|---|
| Dewey Decimal Classification | Non-fiction | Central Library, University of Rajshahi | Central Library, University of Rajshahi | Comilla, Ban.poli. union ecademy | 50.00 | 363.96095492 HYC 1990 | 29/11/2016 | C-2 | Books |